| 000 | 00595nam a22001577a 4500 | ||
|---|---|---|---|
| 999 |
_c17447 _d17447 |
||
| 008 | 221020b ||||| |||| 00| 0 eng d | ||
| 082 | _aDPer 910.46 In821 T156 2019 v 76PA | ||
| 100 |
_aYen, Chih-Lun Alan _eauthor. _946437 |
||
| 245 |
_aThe effects of hotel attribute performance on electronic word-of-mouth (eWOM) behaviors / _cChih-Lun Alan Yen, Chun-Hung Hugo Tang. |
||
| 260 | _c© January 2019. | ||
| 300 |
_av 76PA : pages 9-18 : _billustrations. |
||
| 650 | _2Hospitality industry. | ||
| 650 | _2Employee morale. | ||
| 700 |
_aTang, Chun-Hung Hugo. _eauthor. _946438 |
||
| 942 |
_2ddc _cPER |
||